000 00410nam a2200133 4500
999 _c9594
_d9594
003 OSt
005 20210705115005.0
008 210705b ||||| |||| 00| 0 eng d
020 _a9783955534622
082 _a307.1216
100 _aBott, Helmut, 1949-; Anders, Stephan; Grassl, Gregor C.; Altmann, Martin,
245 _aSustainable urban planning : vibrant neighbourhoods, smart cities, resilience
942 _2ddc